000 00477nam a22001457a 4500
008 151105b xxu||||| |||| 00| 0 eng d
050 _aPQ2391.C22
100 _aSainte - Beuve
_920984
245 _aCauseries du Lundi
_c/by Sainte - beuve; selected and edited by George Saintsbury
260 _aLondon
_bClarendon Press
_c1885
300 _a15p. ;
_c17cm.
440 _aClarendon Press series
_920985
700 _aSaintbury George
_eeditor
_920986
942 _2lcc
_cMONOGRAPH
999 _c123754
_d123754